Anos que o Cruzeiro foi campeão Nacional - Statistics

Estatísticas Gerais
  • Esse quiz foi jogado 175 vezes
  • A pontuação média é 9 de 10
Estatísticas das Respostas
Hint Resposta % Correto
BR 2003
99%
CB 2003
99%
BR 2013
99%
CB 2017
99%
CB 2018
99%
BR 2014
98%
CB 1996
92%
CB 1993
89%
CB 2000
89%
BR 1966
86%
Nenhum quiz correspondente encontrado
Distribuição das Pontuações
Porcentagem de Pessoas com Cada Pontuação
Percentil de Números Respondidos
Sua Pontuação Histórica
Você não jogou esse quiz